000 01114nam a22003137a 4500
003 CHAP
005 20220329141118.0
008 971014s1897 r 00010 d
010 _a62753
011 _a63725
035 _a67902
040 _cCHAP
082 _a917.2
_bP42
100 0 0 _aPeñafiel, Antonio.
_986872
245 _aNomenclatura geográfica de México
_b: etimologías de los nombres de lugar correspondientes a los principales idiomas que se hablan en la República
260 _aMéxico, D.F. :
_bSecretaría de Fomento,
_c1897
300 _a2 v. en 1
_e+ atlas
590 _aBATCH-UPD
_b10
_c20130109
_lUCH01
_h2353
590 _aBATCH-UPD
_b10
_c20130110
_lUCH01
_h2212
590 _aBATCH-UPD
_b10
_c20130409
_lUCH01
_h1925
590 _aBATCH-UPD
_b10
_c20130410
_lUCH01
_h1514
590 _aBATCH-UPD
_b10
_c20130914
_lUCH01
_h1825
590 _aCONVERSION
_b10
_c20130109
_lUCH01
_h1334
650 1 4 _aMéxico
_xNombres geográficos.
_976782
901 _aBK
942 _cLIBRO
949 _a917.2 P42
_bBC
_cBPP
_d-154720
_eBPP
_i67902
_si
949 _a917.2 P42
_bBC
_cBPP
_d-154737
_eBPP
_fatlas
_i67902
_si
999 _c62753
_d62753